Cargando...
Extension techniques for livestock development
| Autor principal: | |
|---|---|
| Otros Autores: | |
| Formato: | Printed Book |
| Publicado: |
NEW DELHI
NEWINDIA PUBLISHING AGENCY
2011
|
| Materias: |
| LEADER | 00541 a2200169 4500 | ||
|---|---|---|---|
| 999 | |c 108 |d 108 | ||
| 020 | |a 9789380235233 | ||
| 082 | |a 630.715054 |b SIN | ||
| 100 | |a S.K Singh | ||
| 245 | |a Extension techniques for livestock development | ||
| 260 | |a NEW DELHI |b NEWINDIA PUBLISHING AGENCY |c 2011 | ||
| 300 | |a 333p. | ||
| 546 | |a english | ||
| 650 | |a extension | ||
| 700 | |a Singh, S. D | ||
| 942 | |2 ddc |c BK | ||
| 952 | |0 0 |1 0 |2 ddc |4 0 |6 630_715054000000000_SIN |7 0 |8 GC |9 206 |a CDST |b CDST |c GEN |d 2018-01-17 |g 1910.00 |o 630.715054 SIN |p 00202 |r 2018-01-17 |w 2018-01-17 |y BK | ||